000 00960nam a22002057a 4500
999 _c62846
_d62846
003 Ge_BSU
005 20250307163950.0
008 250307s1982 ge ||||| |||| 00| 0 geo d
041 _ageo
080 _a616.1-085 ღ-69
100 _aღირდალაზე, მ.
_924489
245 _aგულ-სისხლხძარღვთა სისტემის დაავადებათა სამკურნალო საშუალებები /
_cმ. ღირდალაზე, მ. კობახიძე.
264 _aთბილისი :
_bსაბჭოთა საქართველო,
_c1982.
300 _a366 გვ.;
_b22 სმ.
653 _aგულ-სისხლძარღვთა დაავადება
653 _aკარდიოლოგია
653 _aმედიცინა
700 _aკობახიძე. მ.
_eავტორი
_924490
942 _2udc
_cᲬᲘᲒᲜᲘ